000 00613nam a2200253Ia 4500
003 OSt
005 20221007103925.0
006 a|||||r|||| 00| 0
007 ta
008 221006b |||||||| |||| 00| 0 eng d
024 _a14,407
037 _cTextual
040 _aLCO
_cLCO
_beng
041 _2eng
_aeng
082 _aZ2,94, L2
100 _aField C.D.
_9682486
245 0 _aExpert Evidence
250 _a1st
260 _aAllahabad
_bDelhi Law House India
_c1972
300 _a402
650 _aEVIDENCE
942 _hZ2,94, L2
_cTEXL
999 _c1183970
_d1183970